Reglamentaciones provinciales de trabajo (Record no. 125845)

MARC details
000 -LEADER
campo de control de longitud fija 00523nam a2200157 4500
001 - NÚMERO DE CONTROL
campo de control 125845
003 - IDENTIFICADOR DE NÚMERO DE CONTROL
campo de control ES-MaACL
005 - FECHA Y HORA DE LA ÚLTIMA TRANSACCIÓN
campo de control 20230906192717.0
007 - CAMPO FIJO DE DESCRIPCIÓN FÍSICA--INFORMACIÓN GENERAL
campo de control de longitud fija t|
008 - DATOS DE LONGITUD FIJA--INFORMACIÓN GENERAL
campo de control de longitud fija 070214s1954 sp r ||||1| spa d
245 00 - MENCIÓN DEL TÍTULO
Título Reglamentaciones provinciales de trabajo
Resto del título : (agrícola y vaquerías, porteros de fincas urbanas) /
Mención de responsabilidad, etc. J. Gallego Recio.
260 ## - PUBLICACIÓN, DISTRIBUCIÓN, ETC.
Lugar de publicación, distribución, etc. Avila :
Nombre del editor, distribuidor, etc. [s. n.],
Fecha de publicación, distribución, etc. 1954 (
Fabricante Tall. Tip. Nicasio Medrano)
300 ## - DESCRIPCIÓN FÍSICA
Extensión 109 p. ;
Dimensiones 20 cm.
700 1# - ENTRADA AGREGADA--NOMBRE PERSONAL
Nombre de persona Gallego Recio, J.
9 (RLIN) 53585
852 ## - LOCALIZACIÓN
Ubicación ES-MaACL
Número de control de estantería 1978-F-7
Sublocalización o colección R.36523
Holdings
Estatus retirado Estado de pérdida Estado de daño No para préstamo Colección Biblioteca de origen Biblioteca actual Ubicación en estantería Fecha de adquisición Fuente de adquisición Total de préstamos Signatura topográfica completa Código de barras Visto por última vez Precio de reemplazo Tipo de ítem Koha
        Colección de folletos Biblioteca del Ateneo de Madrid Biblioteca del Ateneo de Madrid Depósito folletos 17/01/2008     1978-F-7 1131091 23/02/2023 23/02/2023 Folleto